000 01971nam a2200361 a 4500
003 CO-PeBPR
005 20260417091107.0
008 260415e2016 ck a|||| n||| 00| 0 spa c
020 _a9789587758290
040 0 _aCO-PeBPR
_bspa
_cCO-PeBPR
_erda
041 0 _hspa
082 0 4 _a306 E84e
245 1 0 _aEtnografías contemporáneas III
_b: Las narrativas en la investigación antropológica
_c/ editado por Myriam Jimeno, Carolina Pabón, Daniel Varela e Ingrid Díaz
250 _aPrimera edición
264 _aBogotá, Colombia
_b: Universidad Nacional de Colombia
_c, 2016
300 _a396 páginas
_b: ilustraciones (algunas a color), fotografía, mapas
_c; 24 centímetros
336 _atexto
_btxt
_crdacontenido
337 _asin mediación
_bn
_2rdamedio
338 _avolumen
_bnc
_2rdasoporte
490 _aColección CES
500 _aIncluye índice
520 _aEsta compilación discute el uso de la narrativa en la investigación antropológica. Incluye una introducción general sobre la narrativa como enfoque, y otra referida a la narrativa en la historia del pensamiento antropológico. El libro se divide en tres: Las narrativas en la construcción de identidades colectivas, las narrativas hegemónicas y las narrativas contra hegemónicas y de resistencia. En la primera parte, se enfatiza la función identitaria. En las otras dos partes se hace más evidente que esta función nunca está exenta de contradicciones y que los intentos de cohesión esconden una tensión contra lo hegemónico y lo contra hegemónico.
650 1 4 _2LEMB
_aAntropología cultural y social
650 1 4 _2LEMB
_aIdentidad colectiva
_zColombia
650 1 4 _2LEMB
_aEtnicidad
650 1 4 _2LEMB
_aViolencia en la cultura popular
_zColombia
650 1 4 _2LEMB
_aSociología de la cultura
700 1 _aJimeno, Myriam
_eeditora
700 1 _aPabón, Carolina
_eeditora
700 1 _aVarela, Daniel
_eeditor
700 1 _aDíaz, Ingrid
_eeditora
942 _2ddc
_cBK
999 _c17713
_d17713